000 00381nam a2200157Ia 4500
001 14890
003 Ost
005 20260507155430.0
008 251113s9999||||xx |||||||||||||| ||eng||
040 _cnitttr
041 _aeng
082 _a620.1
_bH19
100 _aBlake, Alexander
245 0 _aHandbook of mechanics, materials, and structures. /
_cBlake, Alexander
942 _cBK
999 _c14763
_d14763